Forming, thinking, writing: the composing imagination

Saved in:
Bibliografiske detaljer
Hovedforfatter: Berthoff, Ann E (Author)
Format: Bog
Sprog:engelsk
Udgivet: Camden Boznton-Cook 1982
Fag:
Tags: Tilføj Tag
Ingen Tags, Vær først til at tagge denne postø!

MARC

LEADER 00000nam a2200000 a 4500
001 UCX2358
003 CL-VaPUC
008 910506e19820000US |||||||||||||||||eng|d
082 0 4 |a 808.042  |b BER  |2 21 
100 0 |a Berthoff, Ann E  |e author  |9 318264 
245 1 0 |a Forming, thinking, writing: the composing imagination 
300 |a 248 p 
942 |c BK 
945 |d 19910506 00:00:00 
260 |a Camden  |b Boznton-Cook  |c 1982 
650 7 |a INGLES RETORICA  |2 CL-VaPUC  |9 318265 
583 |a last modification  |c 20120708 10:31:09  |k Rodrigo Vera 
999 |c 223396  |d 223394 
952 |0 0  |1 0  |4 0  |6 808_042000000000000_BER_1982  |7 0  |8 A  |9 219156  |a FDOPOS  |b FDOPOS  |d 2019-11-15  |i 2879174  |o 808.042 BER 1982  |p 2879174  |r 2025-01-22  |w 2019-11-15  |y BK  |k MLA